Italy's 2016 Football Team (last three letters) - Statistics

General Stats
  • This quiz has been taken 138 times
    133 since last reset
  • The average score is 20 of 23
Answer Stats
# player % Correct
1 Gianluigi Buf{fon}
100%
11 Ciro Immob{ile}
98%
23 Emanuele Giaccher{ini}
98%
3 Giorgio Chiell{ini}
98%
19 Leonardo Bonu{cci}
96%
16 Daniele De Ro{ssi}
94%
10 Thiago Mo{tta}
93%
20 Lorenzo Insi{gne}
92%
4 Matteo Darm{ian}
90%
15 Andrea Barza{gli}
87%
2 Mattia De Scig{lio}
87%
6 Antonio Candr{eva}
86%
8 Alessandro Flore{nzi}
84%
12 Salvatore Sir{igu}
84%
17 É{der}
83%
9 Graziano Pe{llè}
83%
7 Simone Z{aza}
83%
21 Federico Bernardes{chi}
82%
22 Stephan El Shaar{awy}
79%
5 Angelo Ogbo{nna}
78%
13 Federico Marche{tti}
65%
14 Stefano Stur{aro}
61%
18 Marco Par{olo}
57%
No matching quizzes found
Score Distribution
Percent of People with Each Score
Percentile by Number Answered
Your Score History
You have not taken this quiz since the last reset